Länder, die dem Metropolitan-Frankreich am nächsten sind - Statistiken

Allgemein
  • Dieses Quiz wurde 115 mal gespielt
  • Das Durchschnittsergebnis liegt bei 18 aus 20
Antwortstatistiken
Km Land % Korrekt
0 Belgien
100%
0 Deutschland
100%
61 Niederlande
100%
0 Schweiz
99%
0 Italien
98%
0 Monaco
98%
0 Spanien
98%
0 Andorra
97%
0 Luxemburg
97%
33 Vereinigtes Königreich
97%
150 Liechtenstein
95%
148 Österreich
95%
412 Portugal
94%
259 San Marino
92%
240 Vatikanstadt
89%
432 Irland
87%
430 Slowenien
87%
313 Tschechien
80%
403 Kroatien
78%
450 Tunesien
49%
Keine übereinstimmenden Quizze gefunden
Verteilung der Resultate
Anzahl Personen mit jedem Resultat
Perzentil nach korrekt beantworteten Fragen
Ihre Resultats-Entwicklung
Sie haben dieses Quiz noch nicht gespielt